Úplné znenie vyhlášky č. 143/1965 Zb. o poskytovaní peňažných dávok v nemocenskom poistení

Bibliographic Details
Format: Article
Language:Slovak
ISSN:1335-0714
Subjects:

MARC

LEADER 00000nab a2200000 a 4500
001 vtls000552859
003 SK-MaSNL
005 20260303115954.0
008 120929c1995 xo 0 slo
015 |a SNBRB19rr/mm-uuuuu 
035 |a CL0552997 
040 |a SNKBUCL  |b slo  |c SNKBUCL  |e AACR2 
041 0 |a slo 
044 |a xo  |c SK 
080 |a 340.133:368.42  |2 1981 
080 |a 368.42  |2 1981 
245 0 0 |a Úplné znenie vyhlášky č. 143/1965 Zb. o poskytovaní peňažných dávok v nemocenskom poistení 
650 0 7 |a nemocenské poistenie  |2 snkbucl  |9 67734 
650 0 7 |a dávky peňažné  |2 snkbucl  |9 1132068 
655 7 |a články z novín a časopisov  |2 snkbucl  |9 267496 
773 0 |t Ekonomický a právny poradca podnikateľa  |g Č. 5-6 (1995), s. 116-143  |x 1335-0714 
850 |a Slovenská národná knižnica v Martine  |a MTA001 
852 |a SNK  |b KIS3GCP 
958 |a RK 
992 |a RBX 
999 |c 1906789  |d 1908719